Statistics for County Seats of Nebraska

Click here to take the quiz!

General Stats

  • This quiz has been taken 255 times
  • The average score is 38 of 93

Answer Stats

CountyCounty Seat% Correct
DouglasOmaha
95%
LancasterLincoln
84%
BuffaloKearney
76%
HallGrand Island
70%
LincolnNorth Platte
69%
CherryValentine
67%
YorkYork
63%
AdamsHastings
62%
OtoeNebraska City
59%
SewardSeward
59%
CusterBroken Bow
56%
DodgeFremont
56%
MadisonMadison
56%
KimballKimball
55%
WayneWayne
55%
SarpyPapillion
54%
PerkinsGrant
52%
Box ButteAlliance
51%
GageBeatrice
51%
PlatteColumbus
51%
DawsonLexington
51%
DawesChadron
49%
PiercePierce
49%
JeffersonFairbury
48%
StantonStanton
48%
SaundersWahoo
48%
ArthurArthur
47%
HamiltonAurora
47%
KeithOgallala
47%
RichardsonFalls City
46%
FranklinFranklin
46%
GreeleyGreeley
46%
Red WillowMcCook
46%
Scotts BluffGering
45%
ShermanLoup City
45%
ValleyOrd
45%
CassPlattsmouth
44%
ButlerDavid City
43%
ThayerHebron
43%
CheyenneSidney
43%
HoltO'Neill
41%
BooneAlbion
40%
NemahaAuburn
40%
CedarHartington
40%
ColfaxSchuyler
40%
WashingtonBlair
39%
MerrickCentral City
39%
ClayClay Center
39%
CumingWest Point
39%
PhelpsHoldrege
38%
ChaseImperial
38%
KearneyMinden
38%
HowardSt. Paul
38%
JohnsonTecumseh
38%
BrownAinsworth
37%
AntelopeNeligh
37%
PawneePawnee City
36%
MorrillBridgeport
34%
BurtTekamah
34%
GarfieldBurwell
33%
FillmoreGeneva
33%
SalineWilber
33%
HarlanAlma
32%
RockBassett
32%
NanceFullerton
32%
BannerHarrisburg
31%
SiouxHarrison
31%
SheridanRushville
31%
DakotaDakota City
30%
ThurstonPender
30%
WebsterRed Cloud
30%
ThomasThedford
30%
DundyBenkelman
29%
HayesHayes Center
29%
HookerMullen
29%
NuckollsNelson
29%
GrantHyannis
28%
GardenOshkosh
28%
DixonPonca
28%
BoydButte
26%
KnoxCenter
26%
LoganStapleton
25%
HitchcockTrenton
25%
WheelerBartlett
24%
GosperElwood
24%
Keya PahaSpringview
24%
BlaineBrewster
23%
DeuelChappell
23%
LoupTaylor
22%
FurnasBeaver City
21%
PolkOsceola
21%
FrontierStockville
21%
McPhersonTryon
21%

Score Distribution

Percentile by Number Answered

Percent of People with Each Score

Your Score History

You have not taken this quiz